The parliamentary government of the Commonwealth of Australia / (Record no. 7347)
[ view plain ]
| 000 -LEADER | |
|---|---|
| fixed length control field | 00794nam a2200241 a 4500 |
| 001 - CONTROL NUMBER | |
| control field | 7347 |
| 003 - CONTROL NUMBER IDENTIFIER | |
| rucl marc code | BD-RjUL |
| 005 - DATE AND TIME OF LATEST TRANSACTION | |
| control field | 20211208234413.0 |
| 008 - FIXED-LENGTH DATA ELEMENTS--GENERAL INFORMATION | |
| fixed length control field | 140113s1949 ctu b 001 0 eng d |
| 035 ## - SYSTEM CONTROL NUMBER | |
| System control number | (BD-RjUL)7390 |
| 040 ## - CATALOGING SOURCE | |
| Original cataloging agency | ANL |
| Language of cataloging | eng |
| Transcribing agency | ANL |
| Modifying agency | ANL |
| -- | BD-RjUL |
| 041 ## - LANGUAGE CODE | |
| Language code of text/sound track or separate title | eng |
| 082 00 - DEWEY DECIMAL CLASSIFICATION NUMBER | |
| Classification number | 342.94 |
| Author mark and year | CRP 1949 |
| 100 1# - MAIN ENTRY--PERSONAL NAME | |
| Personal name | Crisp, L. F. |
| Fuller form of name | (Leslie Finlay), |
| Dates associated with a name | 1917-1984. |
| 9 (RLIN) | 22953 |
| 245 14 - TITLE STATEMENT | |
| Title | The parliamentary government of the Commonwealth of Australia / |
| Statement of responsibility, etc. | by L.F. Crisp. |
| 260 ## - PUBLICATION, DISTRIBUTION, ETC. (IMPRINT) | |
| Place of publication, distribution, etc. | New Haven : |
| Name of publisher, distributor, etc. | Yale University Press, |
| Date of publication, distribution, etc. | 1949. |
| 300 ## - PHYSICAL DESCRIPTION | |
| Pagination | x, 344 p. ; |
| Size | 23 cm. |
| 500 ## - GENERAL NOTE | |
| General note | Includes index. |
| 504 ## - BIBLIOGRAPHY, ETC. NOTE | |
| Bibliography, etc | Bibliography: p. 308-314. |
| 651 #0 - SUBJECT ADDED ENTRY--GEOGRAPHIC NAME | |
| Geographic name | Australia |
| General subdivision | Politics and government |
| Chronological subdivision | 1901-1945. |
| 9 (RLIN) | 22954 |
| Geographic name | Australia |
| General subdivision | Politics and government |
| Chronological subdivision | 1945-1965. |
| 9 (RLIN) | 22955 |
| 942 ## - ADDED ENTRY ELEMENTS (KOHA) | |
| Source of classification or shelving scheme | Dewey Decimal Classification |
| Koha item type | Books |
| Lost status | Source of classification or shelving scheme | Damaged status | Not for loan | Collection code | Permanent Location | Current Location | Shelving location | Date acquired | Source of acquisition | Total Checkouts | Full call number | Date last seen | Copy number | Koha item type |
|---|---|---|---|---|---|---|---|---|---|---|---|---|---|---|
| Dewey Decimal Classification | Not For Loan | Non-fiction | Central Library, University of Rajshahi | Central Library, University of Rajshahi | 11/03/1958 | H. C. of Canada | 342.94 CRP 1949 | 13/01/2014 | C-1 | Books |